[Event "Copenhagen Chess Challenge 2010"]
[Site "Ballerup"]
[Date "2010.??.??"]
[Round "1"]
[White "Christensen, Casper"]
[Black "Kristensen, Kaare Hove"]
[Result "0-1"]
[WhiteElo "1893"]
[BlackElo "2258"]
[PlyCount "100"]
[EventDate "2010.??.??"]
[EventType "swiss"]
[EventRounds "9"]
[EventCountry "DEN"]

1. e4 c5 2. Nf3 d6 3. d4 cxd4 4. Nxd4 Nf6 5. Nc3 a6 6. a4 g6 7. Bc4 Bg7 8. O-O
O-O 9. h3 Nxe4 10. Bxf7+ Rxf7 11. Nxe4 Nc6 12. Be3 h6 13. c3 d5 14. Nc5 Qd6 15.
Ne2 Na5 16. b3 b6 17. Nd3 Bb7 18. Nb2 Qc6 19. Bd2 d4 20. f3 dxc3 21. Bxc3 Bxc3
22. Rc1 Bxb2 23. Rxc6 Nxc6 24. Qc2 Bg7 25. Qxg6 Rd8 26. Ng3 Rd6 27. Qc2 Bd4+
28. Kh1 Bc5 29. Ne4 Nd4 30. Qb1 Bxe4 31. Qxe4 a5 32. Rd1 Nf5 33. Qb1 Rxd1+ 34.
Qxd1 Nd4 35. Qd3 Kg7 36. f4 Rf6 37. g3 Re6 38. h4 h5 39. Qd1 Re2 40. g4 Rf2 41.
Qg1 Nf3 42. Qg3 Rh2+ 43. Qxh2 Nxh2 44. Kxh2 hxg4 45. Kg3 Kg6 46. Kxg4 Kh6 47.
h5 Bb4 48. Kh4 Be1+ 49. Kg4 Bf2 50. f5 Be1 0-1

[Event "Copenhagen Chess Challenge 2010"]
[Site "Ballerup"]
[Date "2010.??.??"]
[Round "1"]
[White "Veng, Johny"]
[Black "Kallen, Jonas"]
[Result "1-0"]
[WhiteElo "2237"]
[BlackElo "1893"]
[PlyCount "67"]
[EventDate "2010.??.??"]
[EventType "swiss"]
[EventRounds "9"]
[EventCountry "DEN"]

1. d4 d5 2. c4 c6 3. Nf3 Nf6 4. Qb3 Nbd7 5. Nc3 e6 6. g3 Bd6 7. Bg2 O-O 8. O-O
dxc4 9. Qxc4 e5 10. Rd1 Qc7 11. Qb3 a6 12. e4 exd4 13. Nxd4 Re8 14. h3 Nc5 15.
Qc2 Qe7 16. Re1 Be5 17. Be3 Bxd4 18. Bxd4 Ne6 19. Be3 Nc7 20. Rad1 Be6 21. Na4
Red8 22. Nc5 Nce8 23. b3 h6 24. f4 Qc7 25. Kh2 Nd7 26. f5 Nxc5 27. Qxc5 Rxd1
28. Rxd1 Bd7 29. Bf4 Qc8 30. Qe7 Nf6 31. Be5 Be8 32. Bxf6 gxf6 33. Qxf6 Kh7 34.
Rd6 1-0

[Event "Copenhagen Chess Challenge 2010"]
[Site "Ballerup"]
[Date "2010.??.??"]
[Round "1"]
[White "Schmidt, Horst Hubert"]
[Black "Rosenkilde, Alexander"]
[Result "0-1"]
[WhiteElo "1873"]
[BlackElo "2207"]
[PlyCount "61"]
[EventDate "2010.??.??"]
[EventType "swiss"]
[EventRounds "9"]
[EventCountry "DEN"]

1. Nf3 Nf6 2. d4 e6 3. c4 b6 4. Nc3 Bb4 5. Bd2 O-O 6. e3 Bb7 7. Be2 d5 8. O-O
Be7 9. Rc1 c5 10. cxd5 exd5 11. dxc5 bxc5 12. Qb3 Qb6 13. Qc2 Na6 14. Na4 Qe6
15. Ng5 Qd7 16. Rfe1 Rac8 17. a3 h6 18. Nf3 Ne4 19. Red1 Nxd2 20. Rxd2 Qe6 21.
Qd1 Rfd8 22. Nc3 Nc7 23. Qa4 a6 24. Ne1 d4 25. exd4 Bg5 26. d5 Nxd5 27. Bg4 f5
28. Re2 Qf7 29. Rd1 Nxc3 30. Rxd8+ Rxd8 31. Re5 0-1

[Event "Copenhagen Chess Challenge 2010"]
[Site "Ballerup"]
[Date "2010.??.??"]
[Round "1"]
[White "Schmidt, Tommy B"]
[Black "Hauge, Lars Oskar"]
[Result "1-0"]
[WhiteElo "2203"]
[BlackElo "1823"]
[PlyCount "161"]
[EventDate "2010.??.??"]
[EventType "swiss"]
[EventRounds "9"]
[EventCountry "DEN"]

1. d4 Nf6 2. c4 e6 3. g3 d5 4. Nf3 Bb4+ 5. Bd2 Be7 6. Bg2 O-O 7. O-O Nbd7 8.
Qc2 Re8 9. b3 Bf8 10. Bf4 c5 11. cxd5 Nxd5 12. Bc1 Nb4 13. Qd2 Nf6 14. Nc3 Nbd5
15. Nxd5 Nxd5 16. Bb2 Nf6 17. Rfd1 c4 18. bxc4 Bd7 19. Ne5 Rb8 20. Qc2 Qa5 21.
Nxd7 Nxd7 22. Qb3 Qc7 23. Rac1 e5 24. e3 b6 25. Re1 Bd6 26. Qb5 Rbc8 27. Bh3
Rcd8 28. Red1 exd4 29. exd4 Nf6 30. c5 Bf8 31. cxb6 Qxb6 32. Qxb6 axb6 33. Bf1
Ra8 34. Bc4 Red8 35. Bb3 Rd7 36. Rc6 Nd5 37. Rdc1 g6 38. Rc8 Raa7 39. Rb8 Kg7
40. Rcc8 Ba3 41. Bxa3 Rxa3 42. Rd8 Rxd8 43. Rxd8 Nc3 44. Rd7 Nxa2 45. Rxf7+ Kh8
46. Bxa2 Rxa2 47. Rb7 Rd2 48. Rxb6 Rxd4 49. Rb7 Kg8 50. Kg2 h6 51. h3 Rd3 52.
g4 Rc3 53. h4 Ra3 54. Rb5 Ra4 55. Kg3 Kg7 56. h5 Ra3+ 57. f3 gxh5 58. Rxh5 Rb3
59. Rh2 Rc3 60. Re2 Rc4 61. Re3 Rc6 62. f4 Ra6 63. Rb3 Rc6 64. Kh4 Ra6 65. f5
Ra1 66. Rb7+ Kf6 67. Rb6+ Kg7 68. Rg6+ Kh7 69. Kg3 Ra4 70. Re6 Rb4 71. Kf3 Kg7
72. Re7+ Kg8 73. Kg3 Rb1 74. Kf4 Rb5 75. f6 Ra5 76. Re5 Ra6 77. Kf5 Kf7 78.
Re7+ Kf8 79. Kg6 Ra4 80. g5 hxg5 81. Rh7 1-0

[Event "Copenhagen Chess Challenge 2010"]
[Site "Ballerup"]
[Date "2010.??.??"]
[Round "1"]
[White "Petrovski, Petruli"]
[Black "Molvig, Henrik"]
[Result "0-1"]
[WhiteElo "1818"]
[BlackElo "2193"]
[PlyCount "68"]
[EventDate "2010.??.??"]
[EventType "swiss"]
[EventRounds "9"]
[EventCountry "DEN"]

1. Nf3 Nf6 2. g3 g6 3. Bg2 Bg7 4. O-O O-O 5. d3 d6 6. c4 Nc6 7. Nc3 e5 8. Rb1
a5 9. a3 Re8 10. Bg5 h6 11. Bxf6 Bxf6 12. Nd2 Bg7 13. e3 Bf5 14. Qc2 Qd7 15.
Rfe1 Bh3 16. Bh1 Nd8 17. b4 axb4 18. axb4 Rb8 19. b5 Ne6 20. Rbd1 Rf8 21. f3 f5
22. Bg2 Bxg2 23. Kxg2 Kh8 24. Ne2 Ra8 25. Nb3 f4 26. exf4 exf4 27. d4 fxg3 28.
hxg3 Ng5 29. Ng1 Rxf3 30. Nxf3 Qh3+ 31. Kf2 Rf8 32. Ke2 Rxf3 33. Kd2 Rxg3 34.
Rb1 Nf3+ 0-1

[Event "Copenhagen Chess Challenge 2010"]
[Site "Ballerup"]
[Date "2010.??.??"]
[Round "1"]
[White "Both, Erik"]
[Black "Vesterli, Michael E"]
[Result "1-0"]
[WhiteElo "2188"]
[BlackElo "1795"]
[PlyCount "51"]
[EventDate "2010.??.??"]
[EventType "swiss"]
[EventRounds "9"]
[EventCountry "DEN"]

1. e4 c5 2. Nf3 d6 3. d4 cxd4 4. Qxd4 Nc6 5. Bb5 Bd7 6. Bxc6 Bxc6 7. Nc3 Nf6 8.
Bg5 e6 9. O-O-O Be7 10. Rhe1 h6 11. Bh4 Qb6 12. Bg3 Qxd4 13. Nxd4 d5 14. exd5
Nxd5 15. Nxd5 Bxd5 16. Nb5 O-O 17. Rxd5 Bg5+ 18. Rxg5 hxg5 19. Rd1 a6 20. Nd6
b5 21. c4 bxc4 22. Nxc4 Rfc8 23. b3 Rc5 24. Kb2 Rac8 25. Rd6 a5 26. Ra6 1-0

[Event "Copenhagen Chess Challenge 2010"]
[Site "Ballerup"]
[Date "2010.??.??"]
[Round "1"]
[White "Molvig, Julius"]
[Black "Nguyen, Michael"]
[Result "0-1"]
[WhiteElo "1782"]
[BlackElo "2187"]
[PlyCount "78"]
[EventDate "2010.??.??"]
[EventType "swiss"]
[EventRounds "9"]
[EventCountry "DEN"]

1. d4 Nf6 2. c4 e6 3. Nf3 Bb4+ 4. Bd2 Qe7 5. Nc3 O-O 6. e3 d6 7. Be2 a5 8. a3
Bxc3 9. Bxc3 a4 10. O-O Nc6 11. d5 Nb8 12. b4 axb3 13. Qxb3 Na6 14. Rfd1 Nc5
15. Qc2 e5 16. Nd2 Bd7 17. Rdb1 Ba4 18. Qf5 g6 19. Qf3 Bc2 20. Rb2 Bf5 21. Nb3
Na4 22. e4 Nxe4 23. Rc1 Nexc3 24. Rxc3 Nxb2 25. g4 Bc8 26. c5 Na4 27. cxd6 cxd6
28. Rc4 b6 29. Qe4 Nc5 30. Nxc5 bxc5 31. Rc3 f5 32. Qg2 fxg4 33. Bxg4 Bxg4 34.
Qxg4 Rf4 35. Qg3 Raf8 36. Rc2 Qd7 37. h3 Qf7 38. h4 Qf5 39. Qb3 Rxf2 0-1

[Event "Copenhagen Chess Challenge 2010"]
[Site "Ballerup"]
[Date "2010.??.??"]
[Round "1"]
[White "Akdag, Dara Sevkan"]
[Black "Skovle, Lars"]
[Result "1-0"]
[WhiteElo "2171"]
[BlackElo "1678"]
[PlyCount "69"]
[EventDate "2010.??.??"]
[EventType "swiss"]
[EventRounds "9"]
[EventCountry "DEN"]

1. d4 f5 2. c4 d6 3. Nc3 Nf6 4. Bg5 Nbd7 5. Nf3 g6 6. h4 Bg7 7. d5 h6 8. Bf4
Nh5 9. g3 Ndf6 10. Be3 e5 11. dxe6 Bxe6 12. Nd4 Bd7 13. Bg2 Rb8 14. Qd2 Ng4 15.
Bf3 Nhf6 16. Nb3 Ne5 17. Bxa7 Nxf3+ 18. exf3 Ra8 19. Be3 Bc6 20. Nd4 Qd7 21.
O-O Kf7 22. Nce2 Rae8 23. Nxc6 Qxc6 24. Nd4 Qd7 25. Rfd1 Nh5 26. Rac1 Qe7 27.
Re1 Qf6 28. Nb5 Re7 29. Bd4 Rxe1+ 30. Rxe1 Qd8 31. Bxg7 Nxg7 32. Qd5+ Kf8 33.
Qxb7 Ne8 34. Nd4 Kg7 35. Ne6+ 1-0

[Event "Copenhagen Chess Challenge 2010"]
[Site "Ballerup"]
[Date "2010.??.??"]
[Round "2"]
[White "Skovgaard, Peter Nicolai"]
[Black "Hector, Jonny"]
[Result "1/2-1/2"]
[WhiteElo "2307"]
[BlackElo "2582"]
[PlyCount "179"]
[EventDate "2010.??.??"]
[EventType "swiss"]
[EventRounds "9"]
[EventCountry "DEN"]

1. e4 e5 2. Nf3 Nc6 3. Bb5 a6 4. Bxc6 dxc6 5. O-O Bg4 6. h3 Bh5 7. g4 Bg6 8.
Nxe5 Bd6 9. Nxg6 hxg6 10. Qf3 Qh4 11. Kg2 Bf4 12. Nc3 Ne7 13. d4 g5 14. Ne2 Ng6
15. Bxf4 gxf4 16. Rad1 O-O-O 17. Rh1 Qe7 18. Kh2 c5 19. Nxf4 Nh4 20. Qe2 cxd4
21. Ng2 Ng6 22. f4 Nf8 23. e5 g5 24. fxg5 Ne6 25. Rhf1 Nxg5 26. Rd3 Rd5 27. Rf5
f6 28. Nf4 Rxe5 29. Rxe5 Qxe5 30. Qxe5 fxe5 31. Ng6 Re8 32. h4 e4 33. Rd1 Nf3+
34. Kg3 c5 35. h5 c4 36. h6 Ng5 37. Rxd4 e3 38. Rxc4+ Kb8 39. Nf4 e2 40. Nxe2
Rxe2 41. Rc5 Nf7 42. g5 Re8 43. h7 Nh8 44. Rf5 Kc7 45. Rf6 Re7 46. g6 Nxg6 47.
Rxg6 Rxh7 48. Kf3 Re7 49. Rg2 Re1 50. a4 Kc6 51. Re2 Rb1 52. b3 Kc5 53. Ke3 b5
54. axb5 axb5 55. Kd3 Rd1+ 56. Rd2 Rh1 57. Rg2 Rd1+ 58. Kc3 b4+ 59. Kb2 Rh1 60.
Rg4 Rf1 61. Rc4+ Kb5 62. Rc8 Rh1 63. Ra8 Rg1 64. Ra1 Rg2 65. Re1 Kc5 66. Kc1
Kd4 67. Rd1+ Kc5 68. Rf1 Rh2 69. Rf5+ Kc6 70. Re5 Rg2 71. Kd1 Rh2 72. Re2 Rh8
73. Kd2 Rd8+ 74. Ke3 Kc5 75. Rd2 Re8+ 76. Kf4 Rf8+ 77. Ke5 Re8+ 78. Kf6 Re1 79.
Rf2 Kc6 80. Kf5 Kc5 81. Rf4 Re2 82. Rc4+ Kb5 83. Kf4 Rh2 84. Ke5 Rd2 85. Ke4
Rh2 86. Ke5 Rd2 87. Ke6 Ka5 88. Rc8 Kb5 89. Ke5 Rh2 90. Rc4 1/2-1/2

[Event "Copenhagen Chess Challenge 2010"]
[Site "Ballerup"]
[Date "2010.??.??"]
[Round "2"]
[White "Haub, Thorsten Michael"]
[Black "Teplyi, Igor"]
[Result "1-0"]
[WhiteElo "2508"]
[BlackElo "2315"]
[PlyCount "55"]
[EventDate "2010.??.??"]
[EventType "swiss"]
[EventRounds "9"]
[EventCountry "DEN"]

1. g3 e5 2. Bg2 Nf6 3. d3 d5 4. a3 a5 5. b3 Bd6 6. e3 c6 7. Nd2 Na6 8. Ne2 Nc7
9. Bb2 O-O 10. O-O Qe7 11. c4 Bf5 12. d4 exd4 13. Nxd4 Bg4 14. Qc2 Qd7 15. cxd5
cxd5 16. e4 Rac8 17. Nf5 Nce8 18. Qb1 Nxe4 19. Nxd6 N8xd6 20. Qd3 Be6 21. Rfd1
Rfd8 22. Qd4 f6 23. Qb6 Nc5 24. Qxa5 Nd3 25. Bd4 Nb5 26. Nf3 Nc5 27. Bxc5 Rxc5
28. a4 1-0

[Event "Copenhagen Chess Challenge 2010"]
[Site "Ballerup"]
[Date "2010.??.??"]
[Round "2"]
[White "Kristensen, Kaare Hove"]
[Black "Danielsen, Henrik"]
[Result "1/2-1/2"]
[WhiteElo "2258"]
[BlackElo "2494"]
[PlyCount "40"]
[EventDate "2010.??.??"]
[EventType "swiss"]
[EventRounds "9"]
[EventCountry "DEN"]

1. c4 g6 2. Nc3 Bg7 3. g3 c5 4. Bg2 Nc6 5. e3 d6 6. Nge2 Nf6 7. d4 O-O 8. O-O
Bd7 9. b3 Rb8 10. Bb2 a6 11. Qd2 Qc8 12. Nd5 cxd4 13. Nxd4 Nxd5 14. cxd5 Nxd4
15. Bxd4 Bxd4 16. Qxd4 b5 17. Rac1 Qb7 18. h4 h5 19. e4 Rfd8 20. Rfe1 e5
1/2-1/2

[Event "Copenhagen Chess Challenge 2010"]
[Site "Ballerup"]
[Date "2010.??.??"]
[Round "2"]
[White "Brynell, Stellan"]
[Black "Carstensen, Jacob"]
[Result "1-0"]
[WhiteElo "2479"]
[BlackElo "2295"]
[PlyCount "91"]
[EventDate "2010.??.??"]
[EventType "swiss"]
[EventRounds "9"]
[EventCountry "DEN"]

1. d4 Nf6 2. c4 e6 3. Nf3 d5 4. Nc3 c6 5. Bg5 h6 6. Bh4 dxc4 7. e4 g5 8. Bg3 b5
9. Be2 Bb7 10. h4 b4 11. hxg5 bxc3 12. bxc3 Nxe4 13. Be5 Rh7 14. Qb1 f5 15.
gxf6 Qa5 16. O-O c5 17. Bxc4 Rd7 18. Re1 Qb6 19. Qc2 Qc6 20. Rab1 cxd4 21. Bb5
Qd5 22. c4 d3 23. Qa4 Qc5 24. Rxe4 Nc6 25. Bg3 Bd6 26. Rxe6+ Kf8 27. Rxd6 Rxd6
28. Bxd6+ Qxd6 29. c5 Qxf6 30. Bxd3 Nd8 31. Be4 Bc6 32. Qa6 Qe6 33. Bxc6 Qxc6
34. Qxc6 Nxc6 35. Rd1 Rc8 36. Rd6 Kg7 37. Nd4 Nxd4 38. Rxd4 Rxc5 39. Rd7+ Kf6
40. Rxa7 Rc2 41. a4 Ra2 42. a5 Kg6 43. a6 Kf6 44. Ra8 Kg7 45. a7 Kh7 46. f4 1-0

[Event "Copenhagen Chess Challenge 2010"]
[Site "Ballerup"]
[Date "2010.??.??"]
[Round "2"]
[White "Pedersen, Nicolai Vesterbaek"]
[Black "De Verdier, Michael"]
[Result "1-0"]
[WhiteElo "2453"]
[BlackElo "2286"]
[PlyCount "81"]
[EventDate "2010.??.??"]
[EventType "swiss"]
[EventRounds "9"]
[EventCountry "DEN"]

1. d4 Nf6 2. c4 e6 3. Nc3 Bb4 4. Qc2 O-O 5. a3 Bxc3+ 6. Qxc3 d5 7. cxd5 Ne4 8.
Qc2 exd5 9. e3 Re8 10. Bd3 Nc6 11. Ne2 Bg4 12. O-O Bxe2 13. Qxe2 Qd6 14. f3 Nf6
15. Qf2 Rad8 16. Bd2 a6 17. Rae1 Rd7 18. Bc3 b5 19. Re2 g6 20. Qh4 Nh5 21. Rc1
Rde7 22. Rce1 Rb8 23. Rc1 Rbe8 24. Qf2 Re6 25. Bd2 Nf6 26. Rf1 R8e7 27. Bc3 Nh5
28. g4 Nf6 29. h3 Qd7 30. Rfe1 Qe8 31. Bb1 Kf8 32. Ba2 a5 33. g5 Nh5 34. Bxd5
Nf4 35. Bxe6 Nxe2+ 36. Qxe2 b4 37. Bc4 bxc3 38. bxc3 Qd7 39. Qg2 Qd6 40. f4 Nd8
41. Qd5 1-0

[Event "Copenhagen Chess Challenge 2010"]
[Site "Ballerup"]
[Date "2010.??.??"]
[Round "2"]
[White "Bromann, Thorbjorn"]
[Black "Hove, Esben Kjems"]
[Result "1-0"]
[WhiteElo "2435"]
[BlackElo "2269"]
[PlyCount "65"]
[EventDate "2010.??.??"]
[EventType "swiss"]
[EventRounds "9"]
[EventCountry "DEN"]

1. e4 e6 2. d4 d5 3. Nc3 Bb4 4. Bd3 dxe4 5. Bxe4 Nf6 6. Bd3 Bd7 7. Nf3 Bc6 8.
O-O Nbd7 9. a3 Be7 10. Ne5 Nxe5 11. dxe5 Nd7 12. Qh5 g6 13. Qe2 Bf8 14. Rd1 Bg7
15. Bb5 Bxb5 16. Qxb5 Qc8 17. Ne4 a6 18. Qb4 Bxe5 19. Be3 b6 20. f4 Bg7 21. Rd3
f5 22. Ng5 Nf6 23. Qc4 Ke7 24. Qb4+ Ke8 25. Re1 h6 26. Nxe6 Qxe6 27. Bd4 Ne4
28. Bxg7 c5 29. Qa4+ b5 30. Qa5 Rh7 31. Red1 Qe7 32. Qb6 Ra7 33. Qxg6+ 1-0

[Event "Copenhagen Chess Challenge 2010"]
[Site "Ballerup"]
[Date "2010.??.??"]
[Round "2"]
[White "Semcesen, Daniel"]
[Black "Veng, Johny"]
[Result "0-1"]
[WhiteElo "2424"]
[BlackElo "2237"]
[PlyCount "112"]
[EventDate "2010.??.??"]
[EventType "swiss"]
[EventRounds "9"]
[EventCountry "DEN"]

1. Nf3 Nf6 2. c4 g6 3. b4 Bg7 4. Bb2 O-O 5. g3 c6 6. Bg2 d5 7. Na3 Qb6 8. Qb3
a5 9. cxd5 Ne4 10. O-O Bxb2 11. Qxb2 Qxb4 12. Qxb4 axb4 13. Nc2 Ra4 14. Rfb1
cxd5 15. Rxb4 Ra5 16. Rb3 Nc6 17. d3 Nc5 18. Ra3 Rxa3 19. Nxa3 Bg4 20. Nc2 Bxf3
21. Bxf3 e6 22. Rb1 Ra8 23. a3 Ra7 24. Kf1 Kf8 25. Ke1 Ke7 26. Kd2 Kd6 27. d4
Nd7 28. e4 Na5 29. exd5 Nc4+ 30. Kd3 exd5 31. Bxd5 Kxd5 32. Rb5+ Kc6 33. Kxc4
Nb6+ 34. Rxb6+ Kxb6 35. Kd5 Kc7 36. Ke5 Ra6 37. Ne3 f6+ 38. Ke4 b5 39. Nd5+ Kd7
40. g4 Rxa3 41. Nxf6+ Ke6 42. Nxh7 b4 43. d5+ Kd6 44. Kd4 Rh3 45. Ng5 b3 46.
Ne4+ Ke7 47. Ke5 Rd3 48. Nc5 Rxd5+ 49. Kxd5 b2 50. Ne4 b1=Q 51. Ke5 Qb8+ 52.
Kd4 Qxh2 53. Ke3 Ke6 54. Ng5+ Kf6 55. Nf3 Qh3 56. Kf4 g5+ 0-1

[Event "Copenhagen Chess Challenge 2010"]
[Site "Ballerup"]
[Date "2010.??.??"]
[Round "2"]
[White "Rosenkilde, Alexander"]
[Black "Smith, Axel"]
[Result "0-1"]
[WhiteElo "2207"]
[BlackElo "2408"]
[PlyCount "94"]
[EventDate "2010.??.??"]
[EventType "swiss"]
[EventRounds "9"]
[EventCountry "DEN"]

1. d4 e6 2. g3 c5 3. Nf3 Nf6 4. c4 cxd4 5. Nxd4 d5 6. Bg2 e5 7. Nf3 d4 8. O-O
Nc6 9. e3 Bc5 10. exd4 exd4 11. Re1+ Be6 12. Bg5 h6 13. Bxf6 Qxf6 14. Nbd2 O-O
15. a3 a5 16. Ne4 Qe7 17. b3 Rfd8 18. Nxc5 Qxc5 19. Nd2 d3 20. Ra2 Rd7 21. Re3
Rad8 22. Ne4 Qd4 23. Rd2 a4 24. b4 Bxc4 25. Nc5 Rc7 26. Qxa4 b5 27. Qd1 Qc3 28.
Be4 Ne5 29. Kg2 g6 30. h3 Qxa3 31. f4 Nc6 32. Bxd3 Qc3 33. Ne4 Bd5 34. Ree2
Nxb4 35. Kh2 Bxe4 36. Bxe4 Rxd2 37. Rxd2 Re7 38. Bb1 Re3 39. f5 Rxg3 40. Rd8+
Kg7 41. Qd4+ Qxd4 42. Rxd4 Rb3 43. Be4 gxf5 44. Bxf5 Nc6 45. Rd6 Ne5 46. Kg2
Nc4 47. Rd7 Ne3+ 0-1

[Event "Copenhagen Chess Challenge 2010"]
[Site "Ballerup"]
[Date "2010.??.??"]
[Round "2"]
[White "Molvig, Henrik"]
[Black "Skytte, Rasmus"]
[Result "0-1"]
[WhiteElo "2193"]
[BlackElo "2386"]
[PlyCount "94"]
[EventDate "2010.??.??"]
[EventType "swiss"]
[EventRounds "9"]
[EventCountry "DEN"]

1. d4 Nf6 2. c4 c5 3. d5 b5 4. cxb5 a6 5. bxa6 g6 6. Nc3 Bxa6 7. Nf3 Bg7 8. g3
d6 9. Bg2 Nfd7 10. O-O Nb6 11. Nd2 N8d7 12. Re1 O-O 13. Qc2 Bb7 14. e4 Ba6 15.
Nf3 Nc4 16. Bf1 Nde5 17. Nxe5 Nxe5 18. Kg2 Qa5 19. Bd2 Rfb8 20. b3 Bxf1+ 21.
Rxf1 Qa6 22. Rab1 Nd3 23. a4 Nb4 24. Qd1 Qd3 25. Qe2 Qxe2 26. Nxe2 Nc2 27. Bc3
Na3 28. Ra1 Rxb3 29. Bxg7 Kxg7 30. Nc1 Rc3 31. Ne2 Rb3 32. Nc1 Rc3 33. Ne2 Rc2
34. Rxa3 Rxe2 35. Kf3 Rb2 36. a5 Ra6 37. Ke3 Rb5 38. Rfa1 f5 39. f3 Kf6 40. Kd3
e6 41. dxe6 Kxe6 42. R1a2 Kd7 43. h4 fxe4+ 44. fxe4 Kc6 45. g4 Rb1 46. h5 gxh5
47. gxh5 Rh1 0-1

[Event "Copenhagen Chess Challenge 2010"]
[Site "Ballerup"]
[Date "2010.??.??"]
[Round "2"]
[White "Bejtovic, Jasmin"]
[Black "Both, Erik"]
[Result "1-0"]
[WhiteElo "2384"]
[BlackElo "2188"]
[PlyCount "109"]
[EventDate "2010.??.??"]
[EventType "swiss"]
[EventRounds "9"]
[EventCountry "DEN"]

1. e4 c5 2. Nc3 d6 3. g3 Nc6 4. Bg2 g6 5. d3 Bg7 6. f4 e6 7. Nf3 Nge7 8. O-O
O-O 9. Be3 Nd4 10. e5 Nef5 11. Bf2 Nxf3+ 12. Bxf3 Nd4 13. exd6 Qxd6 14. Bg2 Rd8
15. Ne4 Qc7 16. c3 Nc6 17. Nxc5 e5 18. fxe5 Nxe5 19. d4 Ng4 20. Qf3 Rb8 21.
Rfe1 Nxf2 22. Qxf2 b6 23. Nd3 Bb7 24. Re3 Bh6 25. Re2 Ba6 26. Rae1 Bf8 27. Qf3
Bc4 28. a3 a5 29. Re3 Bxd3 30. Rxd3 b5 31. Qc6 Qxc6 32. Bxc6 b4 33. axb4 axb4
34. Re2 Bg7 35. Kg2 bxc3 36. bxc3 Rb3 37. Rf3 Kf8 38. Ra2 f5 39. Ra7 Rb2+ 40.
Kh3 Rd6 41. Rc7 Bh6 42. Rf1 f4 43. gxf4 Rf6 44. Kg3 Rc2 45. Bd5 Re2 46. Rf3 Re1
47. Rb7 Rg1+ 48. Kf2 Rc1 49. Ke2 Bxf4 50. Rxh7 g5 51. Kd3 Rd6 52. c4 Ra6 53.
Ke4 Re1+ 54. Kf5 Re5+ 55. dxe5 1-0

[Event "Copenhagen Chess Challenge 2010"]
[Site "Ballerup"]
[Date "2010.??.??"]
[Round "2"]
[White "Skousen, Nikolai"]
[Black "Akdag, Dara Sevkan"]
[Result "1-0"]
[WhiteElo "2317"]
[BlackElo "2171"]
[PlyCount "69"]
[EventDate "2010.??.??"]
[EventType "swiss"]
[EventRounds "9"]
[EventCountry "DEN"]

1. d4 Nf6 2. Bg5 e6 3. e4 h6 4. Bxf6 Qxf6 5. e5 Qe7 6. Qd2 b6 7. Nc3 Bb7 8.
O-O-O g6 9. d5 Bg7 10. f4 a6 11. Nf3 b5 12. dxe6 dxe6 13. Qe3 Nd7 14. Bd3 Nb6
15. g4 Nc4 16. Bxc4 bxc4 17. Ne4 Rb8 18. c3 O-O 19. h4 Bxe4 20. Qxe4 f5 21.
gxf5 gxf5 22. Qxc4 Rb6 23. Rd2 c5 24. Rhd1 Qb7 25. Ne1 Rf7 26. Nd3 Qe4 27. Qxc5
Rc6 28. Qf2 Rb7 29. h5 Qa4 30. Nc5 Rxc5 31. Qxc5 Kh7 32. Qg1 Qxf4 33. Qg6+ Kh8
34. Kb1 Bf8 35. Rd8 1-0

[Event "Copenhagen Chess Challenge 2010"]
[Site "Ballerup"]
[Date "2010.??.??"]
[Round "2"]
[White "Nguyen, Michael"]
[Black "Nilssen, John Arni"]
[Result "0-1"]
[WhiteElo "2187"]
[BlackElo "2372"]
[PlyCount "94"]
[EventDate "2010.??.??"]
[EventType "swiss"]
[EventRounds "9"]
[EventCountry "DEN"]

1. Nf3 Nf6 2. c4 e6 3. g3 c5 4. Bg2 a6 5. O-O Qc7 6. Nc3 b6 7. b3 Bb7 8. Bb2
Be7 9. Rc1 d6 10. d4 cxd4 11. Nxd4 Bxg2 12. Kxg2 Qb7+ 13. f3 Nbd7 14. e4 O-O
15. Qe2 Rfe8 16. Kg1 Bd8 17. Rcd1 Bc7 18. f4 b5 19. cxb5 e5 20. fxe5 dxe5 21.
Nc2 axb5 22. Nb4 Bb6+ 23. Kh1 Bd4 24. Ncd5 Nxd5 25. exd5 Bc5 26. a3 Bxb4 27.
axb4 Ra2 28. Rd2 Nf6 29. Rfd1 h5 30. h3 Qd7 31. Kg2 h4 32. g4 Qd6 33. g5 Nd7
34. Qxb5 e4 35. Kh1 e3 36. Rg2 Qe7 37. Re1 Nf8 38. Qc4 Qd7 39. Kh2 Ng6 40. Qd4
Qd6+ 41. Kh1 Rxb2 42. Rxb2 Qg3 43. Ree2 Nf4 44. Qd1 Rd8 45. Qg1 Qf3+ 46. Rg2
Rxd5 47. Rb1 e2 0-1

[Event "Copenhagen Chess Challenge 2010"]
[Site "Ballerup"]
[Date "2010.??.??"]
[Round "2"]
[White "Brondt, Nicolai Kvist"]
[Black "Tikkanen, Hans"]
[Result "1/2-1/2"]
[WhiteElo "2087"]
[BlackElo "2465"]
[PlyCount "78"]
[EventDate "2010.??.??"]
[EventType "swiss"]
[EventRounds "9"]
[EventCountry "DEN"]

1. d4 d5 2. Nf3 Nf6 3. c4 c6 4. cxd5 cxd5 5. Nc3 Nc6 6. Bf4 Nh5 7. Bg5 h6 8.
Bh4 g5 9. Bg3 e6 10. e3 Nxg3 11. hxg3 Bd7 12. Bd3 Be7 13. Rc1 Qb6 14. Qd2 g4
15. Ng1 Na5 16. b3 Rc8 17. Nge2 Bb4 18. Qb2 h5 19. Rc2 Kf8 20. Nf4 Bb5 21. O-O
Bxd3 22. Nxd3 Bd6 23. Rfc1 Kg7 24. Na4 Rxc2 25. Qxc2 Qd8 26. e4 dxe4 27. Ndc5
Bxc5 28. Nxc5 Qxd4 29. Rd1 Qe5 30. Nd7 Qf5 31. Qc3+ f6 32. Qc7 Kg6 33. b4 Nc6
34. Qxb7 Ne5 35. Nxe5+ Qxe5 36. Qxa7 h4 37. Qd4 Qxd4 38. Rxd4 hxg3 39. Rxe4
gxf2+ 1/2-1/2

[Event "Copenhagen Chess Challenge 2010"]
[Site "Ballerup"]
[Date "2010.??.??"]
[Round "2"]
[White "Johansson, Anders"]
[Black "Grabarczyk, Miroslaw"]
[Result "1/2-1/2"]
[WhiteElo "2071"]
[BlackElo "2450"]
[PlyCount "83"]
[EventDate "2010.??.??"]
[EventType "swiss"]
[EventRounds "9"]
[EventCountry "DEN"]

1. Nf3 Nf6 2. c4 e6 3. g3 d5 4. Bg2 Be7 5. O-O O-O 6. d4 c6 7. Qc2 Nbd7 8. Nbd2
b6 9. e4 Bb7 10. e5 Ne8 11. cxd5 cxd5 12. Re1 Rc8 13. Qa4 a5 14. Bf1 Bc6 15.
Qb3 a4 16. Qe3 Nc7 17. Bd3 Bb5 18. Bb1 Na6 19. a3 Nab8 20. h4 Nc6 21. Ng5 h6
22. Nh3 Na5 23. Nf4 Rc6 24. b4 axb3 25. Nxb3 Nxb3 26. Qxb3 Ba6 27. Nxd5 exd5
28. Qxd5 Qc7 29. Qe4 f5 30. exf6 Nxf6 31. Ba2+ Kh8 32. Qxe7 Re8 33. Qb4 Rxe1+
34. Qxe1 Qd7 35. Bf4 Bb7 36. Qe5 Ng4 37. Qb8+ Rc8 38. Qd6 Qxd6 39. Bxd6 Rc2 40.
Be6 Bf3 41. Bxg4 Bxg4 42. Bb4 1/2-1/2

[Event "Copenhagen Chess Challenge 2010"]
[Site "Ballerup"]
[Date "2010.??.??"]
[Round "2"]
[White "Grove, Peter"]
[Black "Berg, Klaus"]
[Result "1/2-1/2"]
[WhiteElo "2124"]
[BlackElo "2428"]
[PlyCount "72"]
[EventDate "2010.??.??"]
[EventType "swiss"]
[EventRounds "9"]
[EventCountry "DEN"]

1. f4 g6 2. Nf3 Bg7 3. e3 d6 4. Be2 Nf6 5. O-O O-O 6. d3 c5 7. Nc3 Nc6 8. Qe1
Rb8 9. a4 a6 10. Qh4 b5 11. axb5 axb5 12. e4 b4 13. Nb1 e6 14. e5 Nd5 15. Qxd8
Rxd8 16. exd6 Rxd6 17. Ng5 Rd8 18. Bf3 Nd4 19. Bd1 b3 20. c3 Nf5 21. Re1 Nxc3
22. Nxc3 Bxc3 23. bxc3 b2 24. Bxb2 Rxb2 25. Re2 Rb6 26. g4 Ne7 27. Ra7 Rb7 28.
Rxb7 Bxb7 29. Rd2 Ba6 30. Ne4 Rc8 31. c4 f5 32. Ng5 Rc6 33. h3 Rd6 34. Nf3 Nc6
35. Kf2 Kg7 36. Ba4 Nb4 1/2-1/2

[Event "Copenhagen Chess Challenge 2010"]
[Site "Ballerup"]
[Date "2010.??.??"]
[Round "2"]
[White "Westerinen, Heikki"]
[Black "Lofberg, Jan"]
[Result "1-0"]
[WhiteElo "2347"]
[BlackElo "1937"]
[PlyCount "79"]
[EventDate "2010.??.??"]
[EventType "swiss"]
[EventRounds "9"]
[EventCountry "DEN"]

1. e4 c5 2. Nf3 e6 3. Nc3 Nc6 4. Bb5 a6 5. Bxc6 bxc6 6. d3 d5 7. O-O Nf6 8. Re1
Be7 9. b3 Nd7 10. Na4 Nb6 11. Nxb6 Qxb6 12. c4 Bb7 13. Bb2 f6 14. Qe2 d4 15. b4
cxb4 16. Nxd4 c5 17. Nc2 Kf7 18. d4 cxd4 19. Nxd4 h5 20. Rac1 Bc5 21. Nb3 g6
22. Qf3 e5 23. Bxe5 Bxf2+ 24. Qxf2 Qxf2+ 25. Kxf2 fxe5 26. Na5 Bc8 27. Nc6 Rf8
28. Nxb4 Ke7+ 29. Ke3 Be6 30. Nd5+ Bxd5 31. cxd5 Rac8 32. Kd3 Rxc1 33. Rxc1 Rf6
34. Rc7+ Kd8 35. Rg7 Rb6 36. Kc4 Rf6 37. Kc5 Ke8 38. d6 Rf2 39. Kd5 Rxa2 40.
Ke6 1-0